El Conflicto social

Gespeichert in:
Bibliographische Detailangaben
1. Verfasser: Rex, John
Format: Text
Veröffentlicht: Madrid: Siglo XXI
Tags: Tag hinzufügen
Keine Tags, Fügen Sie den ersten Tag hinzu!

MARC

LEADER 00000 a a2200000 04500
001 25756
003
040
020 |a 84-323-0505-7  
090 |a 173800  
100 |a Rex, John  
245 |a El Conflicto social  
260 |a Madrid:   |b Siglo XXI  
300 |a 149 p  
999 |c 13653  |d 13653